Datum a čas kvízu
27
Celkem bodů
Celkový počet nahraných bodů na tomto kvízu bez doplňovacích otázek.
4.
Pořadí na kvízu
Konečné umístění týmu na tomto kvízu.
Zaznamenané odpovědi
| # | Otázka | Odpověď | Body | Výsledky |
|---|---|---|---|---|
| 1. | Kterými slovy ukončila Markéta... | D | 1 | |
| 2. | Georgio Loiseau, starosta fran... | štěkání psů | 0 | |
| 3. | Čeští a slovenští archeologové... | v Guatemale | 1 | |
| 4. | Roční míra inflace v jisté zem... | Argentina | 1 | |
| 5. | K nepříjemné situaci došlo v p... | Jakub Kovář | 0 | |
| 6. | Některá slova mají různé grama... | (o) hrabatech | 1 | |
| 7. | Přiřaďte ke každému slovu jeho... | 1A 2B 3D 4C | 0 | |
| 8. | Dva gramatické rody můžeme při... | sršeň | 0 | |
| 9. | V minulé otázce jsme se ptali... | zombie | 0 | |
| 10. | Začátkem roku 2023 byla Ústave... | hranolka, hranolek | 0 |